Statistiques concernant Reliez les paroles des chansons de Charles Aznavour à son titre

Cliquez ici pour prendre le quiz!

Statistiques générales

  • Ce quiz a été pris 408 fois
  • Le résultat moyen est 7 sur 15

Statistiques - réponses

HintRéponse% Correct
"Je vous parle d'un temps que les moins de vingt ans ne peuvent pas connaître"La bohème
96%
"You are my love, very, véritable, et je voudrais pouvoir un jour enfin te le dire, te l'écrire dans la langue de Shakespeare"For Me Formidable
87%
"Vers les docks où le poids et l'ennui me courbent le dos, ils arrivent le ventre alourdi de fruits les bateaux"Emmenez-moi
86%
"Viens voir les comédiens, voir les musiciens, voir les magiciens qui arrivent"Les comédiens
76%
"J'avais vingt ans, je caressais le temps, j'ai joué de la vie comme on joue de l'amour et je vivais la nuit"Hier encore
74%
"J'habite seul avec maman dans un très vieil appartement rue Sarasate"Comme ils disent
54%
"Ils sont venus, ils sont tous là dès qu'ils ont entendu ce cri, elle va mourir"La mamma
51%
"J'ai travaillé des années sans répit, jour et nuit, pour réussir, pour gravir les sommets"Mes emmerdes
45%
"Je sais qu'un jour viendra car la vie le commande, ce jour que j'appréhende où tu nous quitteras"À ma fille
33%
"Le monde est petit profitons-en, si votre chemin passe par le mien ma roulotte croisera la vôtre"Nous nous reverrons un jour ou l'autre
32%
"Je n'aurais jamais cru qu'on se rencontrerait, le hasard est curieux, il provoque les choses et le destin pressé, un instant prend la pause"Non je n'ai rien oublié
25%
"On cherche encore des mots, mais l'ennui les emporte, on voudrait bien pleurer, mais on ne le peut plus"Que c'est triste Venise
25%
"Tant de mots d’amour en nos coeurs étouffés dans un sanglot l’espace d’un baiser sont restés sourds"Une vie d'amour
25%
"Un beau matin, je sais que je m'éveillerai différemment de tous les autres jours et mon coeur délivré enfin de notre amour"Et pourtant
23%
"De larmes et de rires était fait notre amour qui, redoutant le pire vivait au jour le jour"Paris au mois d'août
9%

Distribution des résultats

Percentile par nombre de réponses

% des personnes avec chaque résultat

Votre développement - résultats

Vous n’avez pas pris ce quiz